| 000 | 01878nam a22002537a 4500 | ||
|---|---|---|---|
| 999 |
_c62879 _d62879 |
||
| 003 | Ge_BSU | ||
| 005 | 20250314111555.0 | ||
| 008 | 250314s1963 ge ||||| |||| 00| 0 geo d | ||
| 041 | _ageo | ||
| 080 | _a611.81 თ-19 | ||
| 245 |
_aთავის ტვინის დიდი ჰემისფეროების ნატიფი ციტოარქიტექტონიკის შესწავლისათვის ფილოგენეზში / _cავტ: ვლ. ჟღენტი, უ. გაბუნია, გ. ვადაჭკორია, ლ. გაჩეჩილაძე ; საქ. სსრ მეცნ. აკად., ალ. ნათიშვილის სახ. ექსპერიმ. მორფოლოგიის ინ-ტი. |
||
| 264 |
_aთბილისი : _bსაქ. სსრ მეცნ. აკად.გამ-ბა, _c1963. |
||
| 300 |
_a106 გვ. : _b 12 ფურც. ილ. ; _c 22 სმ. |
||
| 504 | _aბიბლიოგრაფია: გვ. 95-105. | ||
| 520 | _aრეზიუმე რუსულ ენაზე. | ||
| 653 | _aთავის ტვინის დიდი ჰემისფეროები | ||
| 653 | _aმედიცინა | ||
| 700 |
_aჟღენტი, ვლ. _e ავტორი _922357 |
||
| 700 |
_aგაბუნია, უ., _eავტორი _924558 |
||
| 700 |
_aვადაჭკორია, გ. _eავტორი _92770 |
||
| 700 |
_aგაჩეჩილაძე, ლ. _eავტორი _99835 |
||
| 710 |
_aსაქართველოს სსრ მეცნიერებათა აკადემია. ალ. ნათიშვილის სახ. ექსპერიმენტული მორფოლოგიის ინსტიტუტი. _924511 |
||
| 942 |
_2udc _cᲬᲘᲒᲜᲘ |
||